Đàm thoại thực dụng theo người Mỹ

সংরক্ষণ করুন:
গ্রন্থ-পঞ্জীর বিবরন
প্রধান লেখক: Vương, Đằng
বিন্যাস: গ্রন্থ
ভাষা:Undetermined
প্রকাশিত: Thành phố Hồ Chí Minh Trẻ 2004
বিষয়গুলি:
ট্যাগগুলো: ট্যাগ যুক্ত করুন
কোনো ট্যাগ নেই, প্রথমজন হিসাবে ট্যাগ করুন!
Thư viện lưu trữ: Trung tâm Học liệu Trường Đại học Cần Thơ
LEADER 00602nam a2200205Ia 4500
001 CTU_87128
008 210402s9999 xx 000 0 und d
020 |c 55000 
082 |a 428.24 
082 |b Đ116 
100 |a Vương, Đằng 
245 0 |a Đàm thoại thực dụng theo người Mỹ 
245 0 |c Vương Đằng 
260 |a Thành phố Hồ Chí Minh 
260 |b Trẻ 
260 |c 2004 
650 |a English language,English language 
650 |x Spoken English 
904 |i M.Loan, Trong Hieu 
980 |a Trung tâm Học liệu Trường Đại học Cần Thơ